[Event "NOR-chT Elite 1920"]
[Site "Norway"]
[Date "2020.01.17"]
[Round "4.4"]
[White "Sandal, Eirik"]
[Black "Vitenberg, Noam Aviv"]
[Result "0-1"]
[WhiteElo "2042"]
[BlackElo "2255"]
[PlyCount "38"]
[EventDate "2019.11.01"]
[EventType "team-tourn"]
[EventRounds "9"]
[EventCountry "NOR"]
[SourceTitle "CBM 195 Extra"]
[Source "ChessBase"]
[SourceDate "2020.05.31"]
[SourceVersion "1"]
[SourceVersionDate "2020.05.31"]
[SourceQuality "1"]
[WhiteTeam "SK 96"]
[BlackTeam "Oslo SK 1911"]
[WhiteTeamCountry "NOR"]
[BlackTeamCountry "NOR"]

1. d4 d5 2. Nc3 Nf6 3. Bf4 Bf5 4. e3 e6 5. f3 Bd6 6. Nge2 c5 7. dxc5 Bxc5 8. Nb5 0-0 9. Nc7 e5 10. Bxe5 Nc6 11. Bxf6 Qxf6 12. Nxa8 Rxa8 13. Nd4 Nxd4 14. exd4 Bxd4 15. c3 Bb6 16. a4 Re8+ 17. Be2 Qg5 18. Kf1 Qe3 19. Qe1 Bd3 0-1

[Event "NOR-chT 1415"]
[Site "Norway"]
[Date "2015.03.07"]
[Round "10"]
[White "Moen, Andreas"]
[Black "Sandal, Eirik"]
[Result "1-0"]
[WhiteElo "2356"]
[BlackElo "2032"]
[PlyCount "51"]
[EventDate "2014.10.31"]
[EventType "team-tourn"]
[EventRounds "11"]
[EventCountry "NOR"]
[SourceTitle "EXT 2016"]
[Source "ChessBase"]
[SourceDate "2015.10.08"]
[SourceVersion "1"]
[SourceVersionDate "2015.10.08"]
[SourceQuality "1"]
[WhiteTeam "Oslo SS"]
[BlackTeam "SK 96"]
[WhiteTeamCountry "NOR"]
[BlackTeamCountry "NOR"]

1. e4 c5 2. Nf3 d6 3. d4 cxd4 4. Nxd4 Nf6 5. Nc3 a6 6. Be3 e5 7. Nb3 Be7 8. f3 Be6 9. Qd2 0-0 10. 0-0-0 a5 11. Bb5 Na6 12. Qe2 Qb8 13. Kb1 Nc7 14. a4 Rc8 15. Qf2 Nxb5 16. Nxb5 Rc4 17. Ba7 Qc8 18. Nxd6 Bxd6 19. Rxd6 Nd7 20. Rhd1 Rxa4 21. Nc5 Nxc5 22. Qxc5 Qxc5 23. Bxc5 h6 24. Rd8+ Rxd8 25. Rxd8+ Kh7 26. b3 1-0

[Event "Bergens Autumn"]
[Site "Bergen"]
[Date "2014.09.30"]
[Round "2"]
[White "Sandal, Eirik"]
[Black "Manne, Per Erik"]
[Result "0-1"]
[WhiteElo "2047"]
[BlackElo "2170"]
[PlyCount "79"]
[EventDate "2014.09.09"]
[EventType "tourn"]
[EventRounds "5"]
[EventCountry "NOR"]
[SourceTitle "EXT 2024"]
[Source "ChessBase"]
[SourceDate "2023.10.10"]
[SourceVersion "1"]
[SourceVersionDate "2023.10.10"]
[SourceQuality "1"]

1. e4 e5 2. Nf3 Nc6 3. d4 exd4 4. Bc4 d6 5. c3 Ne5 6. cxd4 Nxc4 7. Qa4+ c6 8. Qxc4 Be7 9. Nc3 Nf6 10. Qd3 0-0 11. 0-0 a5 12. Re1 h6 13. h3 a4 14. Qc2 Qa5 15. Bd2 Qa6 16. Rac1 Re8 17. e5 dxe5 18. dxe5 Nh7 19. Ne4 Be6 20. a3 Rad8 21. Bb4 Bb3 22. Qe2 Qxe2 23. Rxe2 Bxb4 24. axb4 Bd1 25. Re3 Bxf3 26. Rxf3 Rxe5 27. Nc5 b5 28. Nb7 Rd7 29. Na5 Re2 30. Rxc6 Ng5 31. Rc8+ Kh7 32. Rf5 Rxb2 33. Rxb5 Rd1+ 34. Kh2 Rxf2 35. h4 Ne4 36. Re5 Nf6 37. Rc4 Rdd2 38. Nc6 Rxg2+ 39. Kh1 Ng4 40. Re1 0-1

[Event "NOR-chT West 1Div Nord 1011"]
[Site "Norway"]
[Date "2011.02.12"]
[Round "4.4"]
[White "Tjensvoll, Tore"]
[Black "Sandal, Eirik"]
[Result "0-1"]
[WhiteElo "1877"]
[BlackElo "1979"]
[PlyCount "66"]
[EventDate "2010.11.06"]
[EventType "team"]
[EventRounds "5"]
[EventCountry "NOR"]
[SourceTitle "EXT 2015"]
[Source "ChessBase"]
[SourceDate "2014.11.20"]
[SourceVersion "1"]
[SourceVersionDate "2014.11.20"]
[SourceQuality "1"]

1. e4 c5 2. Nf3 d6 3. d4 cxd4 4. Nxd4 Nf6 5. Nc3 a6 6. Be3 e5 7. Nb3 Be6 8. f3 h5 9. Qd2 Nbd7 10. 0-0-0 b5 11. Qf2 Qc7 12. g3 b4 13. Nd5 Bxd5 14. exd5 g6 15. h3 Bg7 16. f4 0-0 17. fxe5 Nxe5 18. Bb6 Qd7 19. Ba5 Rfc8 20. Kb1 Ne4 21. Qe1 Nc5 22. Nxc5 Rxc5 23. Bb6 Rxc2 24. Kxc2 Qf5+ 25. Kb3 Qf3+ 26. Kc2 Qf5+ 27. Kb3 Qf3+ 28. Kc2 Qxh1 29. Qxb4 Rc8+ 30. Kb1 Qf3 31. Qe1 Rb8 32. Bd4 Qf5+ 33. Ka1 Nf3 0-1

[Event "NOR-chT West 1Div Nord 1011"]
[Site "Norway"]
[Date "2011.01.16"]
[Round "3"]
[White "Andersen, Jonathan Mjelde"]
[Black "Sandal, Eirik"]
[Result "0-1"]
[WhiteElo "1605"]
[BlackElo "1979"]
[PlyCount "72"]
[EventDate "2010.11.06"]
[EventType "team"]
[EventRounds "5"]
[EventCountry "NOR"]
[SourceTitle "EXT 2015"]
[Source "ChessBase"]
[SourceDate "2014.11.20"]
[SourceVersion "1"]
[SourceVersionDate "2014.11.20"]
[SourceQuality "1"]

1. e4 c5 2. Nf3 d6 3. d4 cxd4 4. Nxd4 Nf6 5. Nc3 a6 6. f3 e5 7. Nb3 Be6 8. Be3 Be7 9. Be2 0-0 10. Qd2 b5 11. a3 Nbd7 12. 0-0 Nb6 13. Rfd1 Qc7 14. Bd3 d5 15. exd5 Nbxd5 16. Nxd5 Nxd5 17. Bf2 f5 18. Re1 Rad8 19. Qa5 Qc8 20. Rxe5 Bf6 21. Rxe6 Qxe6 22. Nc5 Qc8 23. Nxa6 Bxb2 24. Rb1 Nf4 25. Qxb5 Nxd3 26. cxd3 Bd4 27. Nc5 Bxf2+ 28. Kxf2 Rfe8 29. Qc4+ Kh8 30. Rb7 Qc6 31. Qc3 Qh6 32. h3 Qe3+ 33. Kf1 Re5 34. Rc7 Rde8 35. Nd7 Rb5 36. a4 Rb1+ 0-1

[Event "Bergen Hordaland op"]
[Site "Bergen"]
[Date "2008.04.06"]
[Round "5"]
[White "Demac, Elias"]
[Black "Sandal, Eirik"]
[Result "1-0"]
[WhiteElo "1807"]
[BlackElo "1953"]
[PlyCount "79"]
[EventDate "2008.04.04"]
[EventType "swiss"]
[EventRounds "5"]
[EventCountry "NOR"]
[SourceTitle "EXT 2010"]
[Source "ChessBase"]
[SourceDate "2010.11.25"]
[SourceVersion "1"]
[SourceVersionDate "2010.11.25"]
[SourceQuality "1"]

1. d4 Nf6 2. Nf3 c5 3. d5 g6 4. c4 b5 5. cxb5 a6 6. b6 Qxb6 7. Nc3 d6 8. e4 Bd7 9. a4 Bg7 10. Bd3 0-0 11. Nd2 e5 12. Nc4 Qc7 13. 0-0 Nh5 14. g3 Bh3 15. Re1 Nd7 16. Be2 Ndf6 17. f4 Rad8 18. fxe5 dxe5 19. g4 Nf4 20. Bxf4 exf4 21. e5 Nd7 22. d6 Qb7 23. Bf3 Qb4 24. Re4 f5 25. Nd5 Qb8 26. Re1 fxg4 27. Bxg4 Bxg4 28. Qxg4 f3 29. Re3 f2+ 30. Kf1 Nxe5 31. Ne7+ Kh8 32. Nxe5 Bxe5 33. Nxg6+ hxg6 34. Qxg6 Qc8 35. Qh6+ Kg8 36. Rxe5 Rxd6 37. Rg5+ Kf7 38. Qxd6 Qh3+ 39. Rg2 Re8 40. Qf4+ 1-0

[Event "Bergen Sommer op-A"]
[Site "Bergen"]
[Date "2005.08.05"]
[Round "6"]
[White "Sandal, Eirik"]
[Black "Demac, Elias"]
[Result "1-0"]
[WhiteElo "1984"]
[BlackElo "1512"]
[PlyCount "87"]
[EventDate "2005.07.31"]
[EventType "swiss"]
[EventRounds "6"]
[EventCountry "NOR"]
[SourceTitle "EXT 2006"]
[Source "ChessBase"]
[SourceDate "2005.11.24"]
[SourceVersion "1"]
[SourceVersionDate "2005.11.24"]
[SourceQuality "1"]

1. e4 c5 2. Nc3 Nc6 3. Nf3 Nf6 4. e5 Ng4 5. Qe2 Qc7 6. Nb5 Qb8 7. d4 cxd4 8. Bf4 f6 9. Nbxd4 Nxd4 10. Nxd4 Nxe5 11. Bg3 d6 12. 0-0-0 g6 13. Qe4 a6 14. f4 Nf7 15. Bc4 Nd8 16. Rhe1 Qc7 17. Bd5 Bg7 18. f5 Bxf5 19. Nxf5 gxf5 20. Qxf5 Qd7 21. Qh5+ Kf8 22. Rd3 Rc8 23. Rde3 e5 24. Bh4 Ne6 25. g3 Nd4 26. c3 Rc7 27. Rf1 Qb5 28. Bg2 Qe8 29. Qxe8+ Kxe8 30. Kd1 Nb5 31. a4 Na7 32. Bxf6 Rf8 33. Ref3 Nc8 34. g4 Rxf6 35. Rxf6 Bxf6 36. Rxf6 Rg7 37. Kc2 Ke7 38. Rh6 Kd8 39. Be4 Rxg4 40. Bxb7 Rxa4 41. Kb3 Ra5 42. Rxh7 Rb5+ 43. Kc2 Rb6 44. Rh8+ 1-0

[Event "Bergen Sommer op-A"]
[Site "Bergen"]
[Date "2005.08.03"]
[Round "4"]
[White "Sandal, Eirik"]
[Black "Pedersen, Thomas"]
[Result "0-1"]
[WhiteElo "1984"]
[BlackElo "1737"]
[PlyCount "50"]
[EventDate "2005.07.31"]
[EventType "swiss"]
[EventRounds "6"]
[EventCountry "NOR"]
[SourceTitle "EXT 2006"]
[Source "ChessBase"]
[SourceDate "2005.11.24"]
[SourceVersion "1"]
[SourceVersionDate "2005.11.24"]
[SourceQuality "1"]

1. e4 e6 2. d4 d5 3. Nd2 Nf6 4. e5 Nfd7 5. Bd3 c5 6. c3 Nc6 7. Ne2 f6 8. exf6 Nxf6 9. Nf3 cxd4 10. cxd4 Bd6 11. 0-0 0-0 12. Re1 e5 13. dxe5 Nxe5 14. Nxe5 Bxe5 15. h3 Nh5 16. Nc3 Qh4 17. Qe2 Rxf2 18. Qxf2 Bh2+ 19. Kxh2 Qxf2 20. Be3 Qxb2 21. Bd4 Bxh3 22. Ne2 Qa3 23. Nc3 Bxg2 24. Rg1 Qd6+ 25. Kxg2 Qg3+ 0-1

[Event "Bergen Sommer op-A"]
[Site "Bergen"]
[Date "2005.08.02"]
[Round "3"]
[White "Karlsen, Terje"]
[Black "Sandal, Eirik"]
[Result "1-0"]
[WhiteElo "2028"]
[BlackElo "1984"]
[PlyCount "47"]
[EventDate "2005.07.31"]
[EventType "swiss"]
[EventRounds "6"]
[EventCountry "NOR"]
[SourceTitle "EXT 2006"]
[Source "ChessBase"]
[SourceDate "2005.11.24"]
[SourceVersion "1"]
[SourceVersionDate "2005.11.24"]
[SourceQuality "1"]

1. e4 c5 2. c3 Nf6 3. e5 Nd5 4. d4 cxd4 5. Nf3 d6 6. cxd4 Nc6 7. Bc4 e6 8. 0-0 Be7 9. Qe2 0-0 10. Qe4 Ndb4 11. exd6 Bxd6 12. Nc3 Na5 13. Ng5 g6 14. Qh4 h5 15. Be2 f5 16. Bf4 Be7 17. Bxh5 gxh5 18. Qxh5 Bxg5 19. Qg6+ Kh8 20. Bxg5 Qxd4 21. Be7 Bd7 22. Rad1 Qg7 23. Qxg7+ Kxg7 24. Bxb4 1-0

[Event "Bergen op"]
[Site "Bergen"]
[Date "2005.01.16"]
[Round "2"]
[White "Kjenner, Svein"]
[Black "Sandal, Eirik"]
[Result "0-1"]
[WhiteElo "1595"]
[BlackElo "2080"]
[PlyCount "62"]
[EventDate "2005.01.15"]
[EventType "swiss"]
[EventRounds "5"]
[EventCountry "NOR"]
[SourceTitle "EXT 2008"]
[Source "ChessBase"]
[SourceDate "2007.11.25"]
[SourceVersion "1"]
[SourceVersionDate "2007.11.25"]
[SourceQuality "1"]

1. d4 e6 2. c4 b6 3. Nc3 Bb7 4. e4 Bb4 5. Bd3 f5 6. exf5 Bxg2 7. Qg4 Bxh1 8. fxe6 Qe7 9. Be3 Nf6 10. Qg5 dxe6 11. 0-0-0 Bxc3 12. bxc3 Nbd7 13. f3 0-0-0 14. Qb5 Qa3+ 15. Kb1 Nb8 16. Qe5 Rhe8 17. Bf4 Re7 18. Rc1 Qa5 19. Qe1 Nc6 20. Qf2 e5 21. Bd2 e4 22. Bc2 Kb8 23. d5 Ne5 24. Qd4 Qc5 25. fxe4 Qxd4 26. cxd4 Nxc4 27. Bg5 Na3+ 28. Kb2 Nxc2 29. e5 Nxd4 30. exf6 Re5 31. Bf4 gxf6 0-1

[Event "Bergen op"]
[Site "Bergen"]
[Date "2005.01.15"]
[Round "1"]
[White "Gatland, Erling"]
[Black "Sandal, Eirik"]
[Result "0-1"]
[WhiteElo "1629"]
[BlackElo "2080"]
[PlyCount "68"]
[EventDate "2005.01.15"]
[EventType "swiss"]
[EventRounds "5"]
[EventCountry "NOR"]
[SourceTitle "EXT 2008"]
[Source "ChessBase"]
[SourceDate "2007.11.25"]
[SourceVersion "1"]
[SourceVersionDate "2007.11.25"]
[SourceQuality "1"]

1. Nf3 e6 2. g3 b6 3. Bg2 Bb7 4. 0-0 f5 5. c4 Nf6 6. d3 g6 7. Nc3 Bg7 8. Be3 0-0 9. h3 h6 10. Ne5 Bxg2 11. Kxg2 Kh7 12. f4 d6 13. Nf3 c5 14. Bf2 d5 15. Ne5 d4 16. Nb1 Nfd7 17. Nxd7 Qxd7 18. Nd2 Nc6 19. Nf3 Rfe8 20. Rb1 a5 21. Qa4 Qd6 22. Rfe1 e5 23. e3 e4 24. dxe4 fxe4 25. Nd2 d3 26. a3 Qe6 27. g4 Ne7 28. Bg3 Nc8 29. f5 gxf5 30. gxf5 Qf7 31. Qc6 Ne7 32. Qxe4 Nxf5 33. Qxd3 Rad8 34. Qc2 Qg6 0-1